Das Control-Konzept in der Internationalen Rechnungslegung - Eine kritische Analyse der Regelungen der IFRS 10, IFRS 15 und IFRS 16 diplomová práca
Salvato in:
| Autore principale: | |
|---|---|
| Enti autori: | , |
| Altri autori: | |
| Natura: | Libro |
| Lingua: | tedesco |
| Pubblicazione: |
Bratislava
2017
|
| Tags: |
Nessun Tag, puoi essere il primo ad aggiungerne!!
|
MARC
| LEADER | 00000nbm a2200000 4500 | ||
|---|---|---|---|
| 001 | 0239917 | ||
| 005 | 20240918085924.7 | ||
| 041 | 0 | |a ger | |
| 044 | |a SK | ||
| 245 | 1 | 0 | |a Das Control-Konzept in der Internationalen Rechnungslegung - Eine kritische Analyse der Regelungen der IFRS 10, IFRS 15 und IFRS 16 |b diplomová práca |c Martina Štefaničková ; školiteľ: Ralf Michael Ebeling |
| 264 | 1 | |a Bratislava |c 2017 | |
| 300 | |a 62 s. | ||
| 100 | 1 | |a Štefaničková, Martina | |
| 700 | 1 | |a Ebeling, Ralf Michael | |
| 710 | 2 | |a Ekonomická univerzita v Bratislave. Fakulta hospodárskej informatiky | |
| 710 | 2 | |a Martin-Luther-Universität Halle-Wittenberg | |